| 000 | 01502cad a22002535a 4500 | ||
|---|---|---|---|
| 001 | E147488 | ||
| 008 | 090515s2009 xxk f s000 0 eng d | ||
| 020 | _a9780755975340 | ||
| 035 | _a(Sirsi) u147488 | ||
| 041 | 0 | _aeng | |
| 050 | 0 | 4 | _a333.9164 $2 18 |
| 110 | 2 |
_aScotland _bScottish Government _95344 |
|
| 245 | 0 | 0 |
_aMineral extraction in harbour areas _bconsultation paper _h[electronic resource] |
| 260 |
_aEdinburgh _bScottish Government _c2009 |
||
| 505 | 2 | _aIntroduction -- Background -- The issue -- Marine Bill -- Dredging in harbour areas -- Mineral dredging in harbour areas -- The proposal -- Marine Dredging Regulations Procedures -- Consequential amendment -- Regulatory Impact Assessment -- Annex: list of questions | |
| 520 | _aSeeks views on proposals to extend the Environmental Impact Assessment and Natural Habitats (Extraction of Minerals by Marine Dredging) (Scotland) Regulations 2007 to the extraction of minerals in waters that fall within the jurisdiction of a harbour authority. The deadline for comments is 14 August 2009. | ||
| 521 | _aAdvanced | ||
| 590 | _aKA | ||
| 650 | 2 | 4 | _aENVIRONMENTAL IMPACT ASSESSMENT AND NATURAL HABITATS (EXTRACTION OF MINERALS BY MARINE DREDGING) (SCOTLAND) REGULATIONS 2007 |
| 651 | 4 |
_aScotland _y1999- |
|
| 690 | _aENVIRONMENTAL AND LAND CONSULTANCY-MINERAL RESOURCE MANAGEMENT | ||
| 856 | 4 | 0 |
_uhttps://www.scotland.gov.uk/Publications/2009/05/14131715/0 _zView the consultation free of charge at www.scotland.gov.uk... |
| 942 | _n0 | ||
| 999 |
_c109581 _d109581 |
||